000 01020nam a22002537a 4500
005 20170124103008.0
010 _aA-654751
020 _c50.00
035 _aA-654751
037 _bCen Lib/Ret
040 _aDPL
_bHN
082 _a
_bगजपा
100 _aगजपाल, ऋषि
_95680
245 _aनाटक नाच और अन्य कहानियां /
_cऋषि गजपाल
246 _aNatka nach aur anye kahaniyan /
_bby Rishi Gajpaal
260 _aकसरिडीह
_bश्री प्रकाशन
_c1993
270 _aएच० 24/7 सिविल लाइन-दुर्ग
_bकसरिडीह
_e491001
300 _a73पृ.
_c20सेमी (सजिल्द)
650 _aहिंदी साहित्य
_956783
650 _aहिंदी साहित्य --कहानियां
_942761
650 _aHindi literature
_956784
650 _aHindi literature--Stories
_956785
942 _2ddc
_cHN
_h
_mगजपा
999 _c114424
_d114424